000 00540nam a2200217Ia 4500
003 OSt
005 20220924134053.0
006 a|||||r|||| 00| 0
007 ta
008 220923b |||||||| |||| 00| 0 snd d
024 _a272041
037 _cTextual
040 _aARTS
_cARTS
_bsnd
041 _2snd
_asnd
082 _aO152,3M96,MR, 1593H6
100 _aSudarsan
_9207999
245 0 _aMiser jee Rani
260 _c1946
942 _hO152,3M96,MR, 1593H6
_cTEXL
_2CC
999 _c436282
_d436282